000 00930nam a22002657a 4500
003 PE SENCICO BE
005 20251020182711.0
008 250122b |||||||| |||| 00| 0 eng d
040 _aPE SENCICO BE
_cPE SENCICO BE
041 _aspa
082 _a985.25
_bG23
_c2013
100 1 _92867
_aGunther Doering, Juan
_eautor
245 1 _aMemorias de Lima /
_cJuan Gunther Doering, Henry Mitrani Reaño
250 _a2a ed.
260 _aLima :
_bEl Comercio ;
_c2013
300 _a4 tomos :
_bilustraciones, fotografías ;
_c27 cm.
505 0 _aTomo 1: Los paisajes y la geografía -- Tomo 2: Los orígenes de la ciudad -- Tomo 3 y tomo 4: La ciudad durante la República
650 1 0 _9707
_aHistoria
650 2 0 _91392
_aGeografía urbana
650 2 0 _9584
_aFotografías
651 0 _91382
_aLima (Perú : Departamento)
700 1 _92868
_aMytrani Reaño, Henry
_eautor
910 _ahfp
_bhfp
_chfp
942 _2ddc
_cLIB
999 _c5074
_d5074